000 00702nam a2200193 i 4500
001 77857
003 ES-MaACL
005 20230906173417.0
007 t|
008 041111s2004 sp ||||1| spa d
020 _a84-8319-189-X
080 _a314.743(460)"19"
245 0 3 _aLa situación de los refugiados en España
_b: informe 2004 /
_cComisión Española de Ayuda al Refugiado (CEAR).
260 _aMadrid :
_bComisión Española de Ayuda al Refugiado :
_bLos Libros de la Catarata,
_c[2004]
300 _a285 p. ;
_c27 cm.
650 1 4 _aRefugiados-
_zEspaña-
_xSituación social.
_916734
710 2 _aComisión Española de Ayuda al Refugiado.
_93036
852 _aES-MaACL
_jL-28417
_bR.133999
999 _c77857
_d77857